[Event "Reykjavik Chess Congress 2019"]
[Site "Reykjavik"]
[Date "2019.01.27"]
[Round "7"]
[White "Birkisson, Bjorn Holm"]
[Black "Olafsson, Thorvardur"]
[Result "0-1"]
[WhiteElo "2078"]
[BlackElo "2199"]
[Annotator "TA"]
[PlyCount "84"]
[EventDate "2019.01.09"]
[EventType "swiss"]
[EventCountry "ISL"]
[SourceTitle "playchess.com"]
[Source "ChessBase"]
[SourceQuality "1"]

{[%evp 10,84,0,0,49,21,9,-13,7,4,0,0,5,3,35,3,7,-26,-16,-20,-16,-10,6,2,0,12,0,2,17,-42,-33,-77,39,23,47,39,157,90,217,0,0,0,274,-166,-112,-237,-234,-235,0,0,0,0,0,0,0,-12,0,0,0,0,0,-180,-156,-572,-541,-606,-592,-618,-614,-585,-597,-573,-581,-2655,-501,-533,-193]} 1. d4 Nf6 2. Nf3 g6 3. Bg5 Bg7 4. Nbd2 O-O 5. e4 d6 6. Bd3 {LiveBook: 61 Games} Qe8 {A48: 1 d4 Nf6 2 Nf3 g6: Torre, London and Colle Systems} (6... Nc6 7. O-O e5 8. dxe5 Nxe5 9. Nxe5 dxe5 10. Nc4 Qe7 11. Qf3 h6 12. Bd2 b6 13. Bc3 Nd7 14. Qg3 {1-0 (37) Sarana,A (2618)-Chigaev,M (2606) Khanty-Mansiysk 2018}) 7. e5 $146 ({Predecessor:} 7. O-O Nc6 8. c3 h6 9. Bh4 Nh5 10. Re1 e5 11. Nb3 exd4 12. Nfxd4 Bd7 13. Nxc6 bxc6 14. Qf3 {1-0 (66) Peev,K (2026)-Martic,I (2369) Belgrade 2015}) 7... Nfd7 {[%cal Rd6e5]} 8. Qe2 dxe5 {The position is equal.} 9. dxe5 Nc5 10. Bc4 Nc6 11. O-O a6 12. a4 (12. Qe3 $5 {[%cal Re3c5]} b6 13. Bd5 $14) 12... Be6 13. Qe3 Bxc4 14. Nxc4 Ne6 15. Bh6 Bxh6 16. Qxh6 Ncd4 17. Nxd4 Nxd4 18. Ne3 Qc8 19. Ra3 (19. Rad1 $11 Nf5 20. Qf4) 19... Qe6 $15 20. f4 f5 ({Better is} 20... Rad8 $1 $17) 21. Rd3 $14 Rad8 22. Rfd1 Qb6 ({Black should play} 22... c5 $1 $14) 23. Kh1 (23. a5 $142 $1 {[%cal Ra5b6]} Qxb2 24. h4) 23... Qxb2 (23... c6 $16 {is a better defense.}) 24. c3 $2 (24. h4 $1 $18) 24... Ne6 $1 $11 {...Rxd3 is the strong threat.} 25. Nd5 $1 {[%cal Rd5e7] [#]} Qa3 $2 {[%mdl 8192]} (25... Rxd5 $1 $11 {[%mdl 512]} 26. Rxd5 Qxc3) 26. Qh4 $4 {[%mdl 8192]} (26. c4 $18 {is the narrow road to win.} Qc5 27. h4 (27. Rh3 $2 Rf7 $19) 27... Rxd5 28. cxd5) 26... Kg7 ({Black should try} 26... Rde8 $19 27. c4 Qc5) 27. g4 ({Not} 27. Nxc7 $2 Nxc7 28. h3 Rxd3 $19) (27. h3 $17 Rde8 28. c4) 27... fxg4 $19 28. Qxg4 {[#]} Nxf4 $2 (28... Rxd5 $1 $19 {[%mdl 512]} 29. Rxd5 Qxc3) 29. Nxf4 $11 Rxd3 30. Nxd3 {And now Nf4 would win.} Qxc3 31. Nf4 Qc6+ 32. Kg1 Qc5+ 33. Kg2 {aiming for Ne6+.} Qc2+ {[%mdl 64] Double Attack} 34. Kg3 Qc3+ 35. Kh4 $2 (35. Kg2 $1 $11 {and White is okay.} Qc6+ 36. Kg1) 35... Rf5 $19 36. Rd3 $2 ({Don't blunder} 36. Ne6+ $2 Kh6 $19) (36. Rf1 $17 {nothing else works.} Qxe5 37. Kh3) 36... Qe1+ {Black is clearly winning.} 37. Rg3 {[%cal Rf4g6] Strongly threatening Nxg6.} Qxe5 38. Nxg6 Qf6+ {[%mdl 64] Double Attack} 39. Kh3 hxg6 40. Kg2 Rf2+ 41. Kg1 Rf1+ 42. Kg2 Qf2+ $2 {Accuracy: White = 32%, Black = 41%.} (42... b5 43. Qg5 Rf2+ 44. Kg1 Rc2 45. Qxf6+ exf6 46. axb5 axb5) 0-1

[Event "Reykjavik Chess Congress 2019"]
[Site "Reykjavik"]
[Date "2019.01.30"]
[Round "8"]
[White "Gretarsson, Hjorvar Steinn"]
[Black "Kjartansson, Gudmundur"]
[Result "1/2-1/2"]
[WhiteElo "2560"]
[BlackElo "2424"]
[Annotator "TA"]
[PlyCount "73"]
[EventDate "2019.01.09"]
[EventType "swiss"]
[EventCountry "ISL"]
[SourceTitle "playchess.com"]
[Source "ChessBase"]
[SourceQuality "1"]

{[%evp 14,73,33,33,28,14,24,0,0,0,31,0,0,0,0,0,20,0,0,-25,-27,-16,0,-21,0,0,32,21,30,5,4,4,5,2,3,10,20,19,24,0,0,0,0,0,0,0,0,0,0,0,0,0,0,0,0,0,2,0,0,0,0,0]} 1. d4 d5 $146 (1... Nf6 2. Nf3 d5 3. c4 e6 4. Nc3 {1-0 (36) Kovalenko,I (2657)-Anand,V (2773) St Petersburg 2018}) ({Predecessor:} 1... Nf6 2. c4 e6 3. Nf3 d5 4. Nc3 {1-0 (56) Arkell,K (2414)-Hawkins,J (2480) Blackpool 2012}) 2. c4 e6 3. Nc3 Bb4 4. Nf3 Nf6 5. Qa4+ (5. Bg5 h6 6. Bxf6 Qxf6 7. Qa4+ {1-0 (36) Kovalenko,I (2657)-Anand,V (2773) St Petersburg 2018}) 5... Nc6 6. Bg5 h6 7. Bxf6 Qxf6 8. e3 ({Predecessor:} 8. a3 Bxc3+ 9. bxc3 O-O 10. e3 Qg6 {1-0 (56) Arkell,K (2414)-Hawkins,J (2480) Blackpool 2012}) 8... O-O {D38: Queen's Gambit Declined: Ragozin Defence (4 Nf3 Bb4)} 9. Rc1 (9. Be2 dxc4 10. a3 Bxc3+ 11. bxc3 Bd7 12. Qxc4 Rac8 13. O-O Na5 14. Qb4 b6 15. Ne5 Rfd8 16. a4 {1-0 (36) Kovalenko,I (2657)-Anand,V (2773) St Petersburg 2018}) 9... Qg6 10. a3 Bxc3+ $1 11. bxc3 a6 12. Qc2 (12. cxd5 {is more complex.} exd5 13. c4 dxc4 14. Qxc4 Rd8 15. d5) 12... Qxc2 13. Rxc2 dxc4 ({Predecessor:} 13... Bd7 14. cxd5 exd5 15. c4 Bf5 {1-0 (56) Arkell,K (2414)-Hawkins,J (2480) Blackpool 2012}) 14. Bxc4 Na5 15. Ba2 Bd7 16. c4 c5 17. Ke2 f6 18. Rhc1 Rfc8 19. Nd2 Bc6 20. f3 Rd8 21. d5 (21. dxc5 {seems wilder.} g5 22. Bb1 Kf7 23. Rb2 Rd7 24. Nb3) 21... exd5 22. cxd5 Bxd5 23. Bxd5+ Rxd5 24. Rxc5 Rad8 25. Rxd5 Rxd5 $11 {[%mdl 4096] Endgame KRN-KRN} 26. Rc7 Rb5 {The position is equal.} 27. g4 h5 28. h3 hxg4 29. hxg4 Rb2 30. Rc3 Nc6 31. f4 Kf7 32. Kd3 Ke7 33. Ne4 Ke6 34. Nc5+ Kd6 35. Ne4+ Ke6 36. Nc5+ Kd6 37. Ne4+ {Accuracy: White = 66%, Black = 68%.} 1/2-1/2

[Event "Reykjavik Chess Congress 2019"]
[Site "Reykjavik"]
[Date "2019.01.30"]
[Round "8"]
[White "Olafsson, Thorvardur"]
[Black "Ptacnikova, Lenka"]
[Result "1/2-1/2"]
[WhiteElo "2199"]
[BlackElo "2187"]
[Annotator "RC"]
[PlyCount "122"]
[EventDate "2019.01.09"]
[EventType "swiss"]
[EventCountry "ISL"]
[SourceTitle "playchess.com"]
[Source "ChessBase"]
[SourceQuality "1"]
[TimeControl "40/5400+30:900+30"]

1. d4 {[%emt 0:01:40]} Nf6 {[%emt 0:00:00]} 2. g3 {[%emt 0:01:34]} d5 {[%emt 0:03:04]} 3. Bg2 {[%emt 0:00:57]} c5 {[%emt 0:00:48]} 4. Nf3 {[%emt 0:00:55]} cxd4 {[%emt 0:00:23]} 5. O-O {[%emt 0:03:55]} e6 {[%emt 0:17:36]} 6. Nxd4 {[%emt 0:06:15]} e5 {[%emt 0:01:52]} 7. Nb3 {[%emt 0:02:47]} Be7 {[%emt 0:00:19]} 8. Bg5 {[%emt 0:04:18]} d4 {[%emt 0:09:04]} 9. c3 {[%emt 0:11:15]} h6 {[%emt 0:05:34]} 10. Bc1 {[%emt 0:10:27]} Nc6 {[%emt 0:06:37]} 11. cxd4 {[%emt 0:08:41]} Nxd4 {[%emt 0:04:12]} 12. Nxd4 {[%emt 0:04:48]} exd4 {[%emt 0:00:46]} 13. Qa4+ {[%emt 0:01:50]} Qd7 {[%emt 0:00:07]} 14. Qxd7+ {[%emt 0:00:17]} Nxd7 {[%emt 0:00:52]} 15. Rd1 {[%emt 0:01:54]} Bf6 {[%emt 0:01:35]} 16. Na3 {[%emt 0:03:06]} O-O {[%emt 0:02:20]} 17. Nb5 {[%emt 0:00:52]} Ne5 {[%emt 0:01:19]} 18. Nc7 {[%emt 0:10:05]} d3 {[%emt 0:06:42]} 19. Nxa8 {[%emt 0:11:20]} dxe2 {[%emt 0:00:03]} 20. Re1 {[%emt 0:00:11]} Bg4 {[%emt 0:00:12]} 21. Nc7 {[%emt 0:01:11]} Nd3 {[%emt 0:05:39]} 22. Rxe2 {[%emt 0:09:55]} Bxe2 {[%emt 0:00:19]} 23. Nd5 {[%emt 0:01:32]} Bd4 {[%emt 0:05:55]} 24. Be3 {[%emt 0:00:30]} Bxb2 {[%emt 0:04:23]} 25. Rb1 {[%emt 0:00:00]} b6 {[%emt 0:03:24]} 26. Nf4 {[%emt 0:01:31]} Nxf4 {[%emt 0:00:22]} 27. Rxb2 {[%emt 0:00:19]} Nxg2 {[%emt 0:00:11]} 28. Kxg2 {[%emt 0:00:59]} Bd3 {[%emt 0:00:28]} 29. Rd2 {[%emt 0:00:22]} Rd8 {[%emt 0:00:15]} 30. f3 {[%emt 0:00:36]} Kf8 {[%emt 0:02:53]} 31. Kf2 {[%emt 0:00:06]} Ke7 {[%emt 0:00:42]} 32. h4 {[%emt 0:00:48]} Rd5 {[%emt 0:01:12]} 33. Bf4 {[%emt 0:00:32]} b5 {[%emt 0:00:51]} 34. Ke3 {[%emt 0:00:28]} Bc4 {[%emt 0:00:24]} 35. Rxd5 {[%emt 0:00:08]} Bxd5 {[%emt 0:00:08]} 36. a3 {[%emt 0:00:24]} a5 {[%emt 0:01:37]} 37. Bc7 {[%emt 0:00:36]} a4 {[%emt 0:00:38]} 38. Ba5 {[%emt 0:00:05]} Ke6 {[%emt 0:00:38]} 39. Bc3 {[%emt 0:00:22]} g6 {[%emt 0:00:11]} 40. Bb4 {[%emt 0:00:00]} h5 {[%emt 0:00:00]} 41. Bc3 {[%emt 0:01:26]} Kf5 {[%emt 0:00:19]} 42. Kf2 {[%emt 0:01:29]} Bb3 {[%emt 0:00:27]} 43. Ke3 {[%emt 0:00:12]} Bd1 {[%emt 0:00:09]} 44. Kf2 {[%emt 0:00:33]} Ke6 {[%emt 0:00:10]} 45. Ke3 {[%emt 0:00:13]} Kd5 {[%emt 0:00:03]} 46. Bb4 {[%emt 0:00:23]} Kc4 {[%emt 0:00:05]} 47. Be7 {[%emt 0:00:21]} Kd5 {[%emt 0:00:12]} 48. Bb4 {[%emt 0:00:07]} Ke5 {[%emt 0:00:09]} 49. Bc3+ {[%emt 0:00:16]} Kf5 {[%emt 0:00:03]} 50. Bb4 {[%emt 0:00:30]} g5 {[%emt 0:00:07]} 51. Bf8 {[%emt 0:05:43]} f6 {[%emt 0:00:22]} 52. Bb4 {[%emt 0:01:27]} Bb3 {[%emt 0:00:28]} 53. g4+ {[%emt 0:01:30]} hxg4 {[%emt 0:00:19]} 54. fxg4+ {[%emt 0:00:07]} Kxg4 {[%emt 0:00:11]} 55. hxg5 {[%emt 0:00:05]} fxg5 {[%emt 0:00:16]} 56. Kf2 {[%emt 0:00:05]} Kh3 {[%emt 0:00:48]} 57. Kg1 {[%emt 0:00:07]} g4 {[%emt 0:00:09]} 58. Bc5 {[%emt 0:00:04]} g3 {[%emt 0:00:18]} 59. Bd6 {[%emt 0:00:04]} Bd5 {[%emt 0:00:24]} 60. Be7 {[%emt 0:00:07]} Kg4 {[%emt 0:00:15]} 61. Bf8 {[%emt 0:00:07]} Kf3 1/2-1/2

[Event "Reykjavik Chess Congress 2019"]
[Site "Reykjavik"]
[Date "2019.01.30"]
[Round "8"]
[White "Viglundsson, Bjorgvin"]
[Black "Stefansson, Vignir Vatnar"]
[Result "1/2-1/2"]
[WhiteElo "2092"]
[BlackElo "2248"]
[Annotator "RC"]
[PlyCount "83"]
[EventDate "2019.01.09"]
[EventType "swiss"]
[EventCountry "ISL"]
[SourceTitle "playchess.com"]
[Source "ChessBase"]
[SourceQuality "1"]
[TimeControl "40/5400+30:900+30"]

1. c4 {[%emt 0:00:00]} e5 {[%emt 0:01:33]} 2. Nc3 {[%emt 0:00:16]} Nc6 {[%emt 0:00:08]} 3. g3 {[%emt 0:00:33]} h5 {[%emt 0:01:10]} 4. Nf3 {[%emt 0:01:43]} Be7 {[%emt 0:00:35]} 5. d4 {[%emt 0:01:35]} exd4 {[%emt 0:02:25]} 6. Nxd4 {[%emt 0:03:00]} h4 {[%emt 0:01:44]} 7. Nxc6 {[%emt 0:01:13]} dxc6 {[%emt 0:00:25]} 8. Qxd8+ {[%emt 0:00:37]} Bxd8 {[%emt 0:01:06]} 9. Bg2 {[%emt 0:05:34]} h3 {[%emt 0:06:56]} 10. Bf3 {[%emt 0:01:07]} Be6 {[%emt 0:06:25]} 11. b3 {[%emt 0:00:43]} Bf6 {[%emt 0:00:19]} 12. Bd2 {[%emt 0:01:58]} g5 {[%emt 0:07:57]} 13. O-O-O {[%emt 0:04:06]} g4 {[%emt 0:00:44]} 14. Be4 {[%emt 0:00:08]} O-O-O {[%emt 0:04:11]} 15. Kc2 {[%emt 0:02:18]} Ne7 {[%emt 0:00:23]} 16. Bd3 {[%emt 0:08:37]} Bd4 {[%emt 0:01:55]} 17. Rhf1 {[%emt 0:05:56]} Rhe8 {[%emt 0:08:00]} 18. Ne4 {[%emt 0:05:23]} Bf5 {[%emt 0:02:49]} 19. Bg5 {[%emt 0:05:30]} Bg6 {[%emt 0:04:57]} 20. Nf6 {[%emt 0:04:36]} Bxf6 {[%emt 0:03:00]} 21. Bxf6 {[%emt 0:00:09]} Bxd3+ {[%emt 0:06:20]} 22. Rxd3 {[%emt 0:01:13]} Rxd3 {[%emt 0:01:06]} 23. Kxd3 {[%emt 0:00:06]} Nf5 {[%emt 0:01:56]} 24. e4 {[%emt 0:05:32]} Nh6 {[%emt 0:05:40]} 25. e5 {[%emt 0:13:54]} Ng8 {[%emt 0:03:35]} 26. f3 {[%emt 0:00:56]} gxf3 {[%emt 0:03:12]} 27. Rxf3 {[%emt 0:00:44]} Nh6 {[%emt 0:00:05]} 28. Rf4 {[%emt 0:11:08]} Rg8 {[%emt 0:00:06]} 29. Rh4 {[%emt 0:02:56]} Ng4 {[%emt 0:00:07]} 30. Ke4 {[%emt 0:01:03]} Kd7 {[%emt 0:03:16]} 31. Kf5 {[%emt 0:00:46]} Ne3+ {[%emt 0:00:09]} 32. Ke4 {[%emt 0:01:04]} Ng4 {[%emt 0:00:32]} 33. Kf4 {[%emt 0:01:29]} Nxh2 {[%emt 0:00:23]} 34. Rxh3 {[%emt 0:00:39]} Ng4 {[%emt 0:00:10]} 35. Bh8 {[%emt 0:02:27]} Ke6 {[%emt 0:01:55]} 36. Rh4 {[%emt 0:00:33]} Nf2 {[%emt 0:00:21]} 37. Rh6+ {[%emt 0:01:21]} Rg6 {[%emt 0:01:08]} 38. Rxg6+ {[%emt 0:03:55]} fxg6 {[%emt 0:00:02]} 39. g4 {[%emt 0:00:57]} Nh3+ {[%emt 0:01:11]} 40. Kg3 {[%emt 0:00:00]} Ng5 {[%emt 0:00:00]} 41. Kf4 {[%emt 0:01:11]} Nh3+ {[%emt 0:00:27]} 42. Ke4 {Kxe5+} 1/2-1/2

[Event "Reykjavik Chess Congress 2019"]
[Site "Reykjavik"]
[Date "2019.01.30"]
[Round "8"]
[White "Jonsson, Gauti Pall"]
[Black "Bjornsson, Sigurbjorn"]
[Result "0-1"]
[WhiteElo "2070"]
[BlackElo "2296"]
[Annotator "RC"]
[PlyCount "72"]
[EventDate "2019.01.09"]
[EventType "swiss"]
[EventCountry "ISL"]
[SourceTitle "playchess.com"]
[Source "ChessBase"]
[SourceQuality "1"]
[TimeControl "40/5400+30:900+30"]

1. c4 {[%emt 0:00:00]} e5 {[%emt 0:00:00]} 2. g3 {[%emt 0:00:00]} Nf6 {[%emt 0:00:00]} 3. Bg2 {[%emt 0:00:23]} h6 {[%emt 0:00:00]} 4. Nc3 {[%emt 0:01:42]} Bb4 {[%emt 0:00:00]} 5. Qc2 {[%emt 0:04:27]} O-O {[%emt 0:01:55]} 6. Nf3 {[%emt 0:01:50]} Re8 {[%emt 0:01:14]} 7. Ne4 {[%emt 0:06:44]} Nxe4 {[%emt 0:02:35]} 8. Qxe4 {[%emt 0:00:21]} c6 {[%emt 0:01:39]} 9. a3 {[%emt 0:02:18]} Bf8 {[%emt 0:01:11]} 10. Nh4 {[%emt 0:09:51]} Na6 {[%emt 0:08:38]} 11. d4 {[%emt 0:07:42]} d5 {[%emt 0:04:19]} 12. cxd5 {[%emt 0:01:03]} exd4 {[%emt 0:00:44]} 13. Qxd4 {[%emt 0:01:17]} Nc5 {[%emt 0:02:30]} 14. Qc3 {[%emt 0:03:32]} cxd5 {[%emt 0:02:00]} 15. O-O {[%emt 0:08:32]} d4 {[%emt 0:04:04]} 16. Qc2 {[%emt 0:03:27]} a5 {[%emt 0:10:52]} 17. Nf3 {[%emt 0:04:06]} Be6 {[%emt 0:05:36]} 18. Qd1 {[%emt 0:03:06]} Nb3 {[%emt 0:02:26]} 19. Rb1 {[%emt 0:01:38]} Bf5 {[%emt 0:08:20]} 20. Qxb3 {[%emt 0:00:25]} Bxb1 {[%emt 0:00:09]} 21. Bxh6 {[%emt 0:01:27]} Bf5 {[%emt 0:10:14]} 22. Bf4 {[%emt 0:01:18]} Rc8 {[%emt 0:07:51]} 23. Ng5 {[%emt 0:02:04]} Qf6 {[%emt 0:03:36]} 24. Bd5 {[%emt 0:07:08]} Bg6 {[%emt 0:00:42]} 25. Qf3 {[%emt 0:02:16]} Bd6 {[%emt 0:03:46]} 26. Nxf7 {[%emt 0:06:29]} Bxf7 {[%emt 0:00:10]} 27. Bxd6 {[%emt 0:00:10]} Bxd5 {[%emt 0:02:14]} 28. Qxd5+ {[%emt 0:00:27]} Qe6 {[%emt 0:00:20]} 29. Qxe6+ {[%emt 0:02:07]} Rxe6 {[%emt 0:00:12]} 30. Bf4 {[%emt 0:00:11]} Rxe2 {[%emt 0:00:13]} 31. Rd1 {[%emt 0:00:14]} Rcc2 {[%emt 0:01:00]} 32. Rxd4 {[%emt 0:00:35]} Rxf2 {[%emt 0:00:17]} 33. Rd8+ {[%emt 0:00:20]} Kh7 {[%emt 0:00:28]} 34. Rd7 {[%emt 0:00:28]} Rg2+ {[%emt 0:00:19]} 35. Kf1 {[%emt 0:00:22]} Rcf2+ {[%emt 0:01:11]} 36. Ke1 {[%emt 0:00:08]} Rxb2 {[%emt 0:00:04]} 0-1

[Event "Reykjavik Chess Congress 2019"]
[Site "Reykjavik"]
[Date "2019.02.03"]
[Round "9"]
[White "Kjartansson, Gudmundur"]
[Black "Bjornsson, Sigurbjorn"]
[Result "1-0"]
[WhiteElo "2424"]
[BlackElo "2296"]
[Annotator "TA"]
[PlyCount "107"]
[EventDate "2019.01.09"]
[EventType "swiss"]
[EventCountry "ISL"]
[SourceTitle "playchess.com"]
[Source "ChessBase"]
[SourceQuality "1"]

{[%evp 14,107,41,48,61,55,67,63,75,70,66,49,41,27,27,27,44,51,51,39,41,31,55,55,64,43,84,95,123,122,99,106,133,126,123,112,179,169,171,178,168,180,177,176,161,152,146,137,135,97,105,70,88,73,81,83,83,80,95,25,98,93,89,100,100,83,673,667,730,723,641,440,397,241,231,227,223,145,455,445,452,426,452,449,418,262,265,238,379,362,284,0,0,0,0,0]} 1. Nf3 $146 ({Predecessor:} 1. d4 Nf6 2. Nf3 g6 3. c4 Bg7 4. g3 O-O 5. Bg2 d6 6. Nc3 Nc6 {0-1 (47) Shinkevich,V (2439)-Kazhgaleyev,M (2587) St Petersburg 2018}) 1... Nf6 2. c4 g6 3. g3 Bg7 4. Bg2 O-O 5. O-O d6 6. d4 Nc6 7. Nc3 Bf5 8. Ne1 e5 {E62: King's Indian: Fianchetto: 6...c6 and Panno Variation (6...Nc6) without ...a6} 9. d5 $1 {[%cal Rd5c6]} Ne7 10. e4 Bd7 {White is slightly better.} 11. Nd3 c6 ({Predecessor:} 11... Ne8 12. f4 exf4 13. Bxf4 c6 14. Qd2 b5 15. dxc6 Nxc6 16. cxb5 {0-1 (47) Shinkevich,V (2439)-Kazhgaleyev,M (2587) St Petersburg 2018}) 12. h3 Ne8 13. Be3 f5 14. f3 Kh8 15. Qd2 Nf6 16. Rfd1 cxd5 17. cxd5 Neg8 18. a4 Rf7 19. Nb5 Bxb5 20. axb5 Qf8 21. Rxa7 Rxa7 22. Bxa7 Nh5 23. Bf2 Bh6 24. Qe2 Qd8 (24... f4 $16 {is a better defense.}) 25. exf5 $18 Rxf5 26. f4 exf4 27. g4 {[%mdl 64] Double Attack} f3 28. Bxf3 Nf4 {[#]} 29. Nxf4 $1 Rxf4 30. Bg2 Bg7 31. Kh1 Rf8 32. Bg3 Re8 33. Qf2 Be5 34. Bxe5+ Rxe5 35. b6 Qg5 36. Ra1 (36. Rd3 $16) 36... h5 (36... Re3 $1 $11) 37. Ra8 {[#] Hoping for Qf7.} Re7 38. gxh5 gxh5 39. Rf8 $36 {[%mdl 2048] White has strong initiative.} Re5 $2 {[%mdl 8192]} (39... Kg7 $16) 40. Rf7 Ne7 {intending ...Rf5.} 41. h4 Qh6 42. Rf6 Qg7 43. Rf8+ Ng8 44. Kh2 Re7 45. Rf5 Qg6 $2 {[%mdl 8192]} (45... Nh6 $16 46. Rxh5 Re5) 46. Rg5 Qh6 47. Bh3 Rg7 48. Rf5 Qg6 49. Rf8 {Bf5 is the strong threat.} Qe4 50. Be6 Qe5+ (50... Rg6 {was called for.} 51. b4 Kh7 52. Rf7+ (52. Bxg8+ Rxg8 53. Qf7+ {[%mdl 64] Double Attack} Kh6 $16) 52... Kh8) 51. Kh3 {And now Rf5 would win.} Qe4 52. Rxg8+ $2 (52. Qf3 $18 Qxf3+ 53. Rxf3) 52... Rxg8 $11 53. Qf6+ Rg7 {[%cal Re4h1]} 54. Qf8+ {[%mdl 32832] Double Attack. Accuracy: White = 64%, Black = 42%. . Loss on time!?} 1-0

[Event "Reykjavik Chess Congress 2019"]
[Site "Reykjavik"]
[Date "2019.02.03"]
[Round "9"]
[White "Stefansson, Vignir Vatnar"]
[Black "Omarsson, Dadi"]
[Result "1/2-1/2"]
[WhiteElo "2248"]
[BlackElo "2252"]
[Annotator "TA"]
[PlyCount "111"]
[EventDate "2019.01.09"]
[EventType "swiss"]
[EventCountry "ISL"]
[SourceTitle "playchess.com"]
[Source "ChessBase"]
[SourceQuality "1"]

{[%evp 14,111,11,-17,-13,-32,-35,-27,-25,-20,-28,-33,-26,-71,-49,-65,-37,-38,-33,-43,-41,-127,-103,-129,-77,-82,-79,-83,-64,-113,-90,-165,-140,-154,-151,-146,-133,-141,-141,-154,-147,-165,-164,-174,-174,-174,-170,-170,-173,-173,-173,-212,-205,-201,-197,-192,-121,-143,-143,-209,-115,-209,-202,-195,-202,-195,-120,-113,-47,-48,-35,-35,-35,-35,-35,-35,-20,-19,-19,-35,-42,-54,-42,-53,-50,-53,-50,-82,-82,-89,-89,-105,-81,-120,-122,-111,-111,-163,-146,-437]} 1. f4 $146 ({Predecessor:} 1. e4 c5 2. g3 Nc6 3. Bg2 g6 4. d3 Bg7 5. f4 d6 6. Nf3 Nf6 7. O-O {0-1 (95) Delgado Ramirez,N (2624)-Leitao,R (2618) Belem 2017}) 1... c5 2. Nf3 g6 3. g3 Bg7 4. Bg2 Nf6 5. O-O O-O 6. d3 Nc6 7. e4 d6 8. h3 b5 {B20: Sicilian: Unusual White 2nd moves} 9. e5 ({Predecessor:} 9. Nc3 b4 10. Ne2 Bb7 11. g4 a5 12. Ng3 Nd7 13. Rb1 Nd4 14. Ng5 Qc7 15. Be3 c4 16. Ne2 Nxe2+ 17. Qxe2 {0-1 (95) Delgado Ramirez,N (2624)-Leitao,R (2618) Belem 2017}) 9... Ne8 10. d4 cxd4 {Black has an edge.} 11. Nxd4 Nxd4 12. Qxd4 Rb8 13. Nc3 Be6 14. Be3 dxe5 15. fxe5 Nd6 16. Rad1 {Threatens to win with Qf4.} Qc8 17. Qf4 (17. Qxa7 $15 Bxe5 18. Nd5 (18. Qxe7 Nc4 $15) 18... Bxd5 19. Rxd5 Bxb2 20. Qxe7) 17... Nc4 $17 {[%mdl 64] Double Attack} 18. Nd5 Bxd5 (18... Rb7 $142 $1 19. b3 Bxe5) 19. Rxd5 Nxe3 20. Qxe3 Qxc2 21. Qd4 e6 22. Rc5 (22. Rd7 $17) 22... Rbd8 23. Qf2 Qa4 24. Kh2 Qa5 25. a3 a6 26. Qf4 Rd2 27. b4 Qd8 28. Rf2 Rxf2 29. Qxf2 Qd3 30. Qf3 Qxf3 31. Bxf3 $19 {[%mdl 4096] Endgame KRB-KRB} Rd8 32. Bb7 Rd2+ 33. Kh1 {[#]} Rd3 $1 34. Bxa6 Rxa3 (34... Rxg3 $19 35. Bxb5 Rxh3+ 36. Kg2 Rxa3 37. Rc8+ Bf8) 35. Bxb5 Rxg3 36. Rc8+ Bf8 37. Bc6 (37. Bf1 $17 {is a better defense.}) 37... Rxh3+ 38. Kg2 {[#]} Rb3 $1 39. b5 Kg7 (39... h5 $19 40. Be8 Rb2+ 41. Kf3 Be7 42. Bd7+ Kg7) 40. Rc7 $17 Bc5 ({Better is} 40... Rb2+ $17 41. Kf3 Ba3) 41. Be8 $15 Bd4 {...Rg3+! is the strong threat.} 42. Rxf7+ Kh6 43. Re7 Bxe5 44. Rxe6 Bd4 45. Rd6 Be3 46. Bc6 Kg5 47. Re6 Kf4 48. Rf6+ Kg4 49. Bd7+ Kg5 50. Rf7 Rb2+ 51. Kf1 h5 52. Be8 h4 {Hoping for ...h3.} 53. Rg7 Rf2+ 54. Ke1 Rf6 55. Ke2 (55. Rf7 $17) 55... Bd4 56. Rxg6+ $2 {[%mdl 40960] Accuracy: White = 40%, Black = 79%. . An unexpected result.} (56. Bd7 $17) 1/2-1/2

[Event "Reykjavik Chess Congress 2019"]
[Site "Reykjavik"]
[Date "2019.02.03"]
[Round "9"]
[White "Olafsson, Thorvardur"]
[Black "Gretarsson, Hjorvar Steinn"]
[Result "0-1"]
[WhiteElo "2199"]
[BlackElo "2560"]
[Annotator "TA"]
[PlyCount "59"]
[EventDate "2019.01.09"]
[EventType "swiss"]
[EventCountry "ISL"]
[SourceTitle "playchess.com"]
[Source "ChessBase"]
[SourceQuality "1"]

{[%evp 10,59,39,10,18,10,34,27,24,5,20,-21,-17,-30,-23,-23,-20,-21,-15,-25,-41,-100,-105,-96,-56,-98,-114,-129,-162,-179,-167,-168,-163,-215,-114,-95,-83,-180,-81,-78,-69,-280,-245,-402,-372,-549,-520,-735,-627,-741,-750,-1041]} 1. e4 c5 2. Nf3 d6 3. d4 cxd4 4. Nxd4 Nf6 5. Nc3 a6 6. Qf3 g6 {B90: Sicilian Najdorf: Unusual White 6th moves, 6 Be3 Ng4 and 6 Be3 e5} 7. h3 e5 8. Nb3 Be6 {White has an edge.} 9. Bg5 Nbd7 10. O-O-O Rc8 $146 ({Predecessor:} 10... h6 11. Bh4 Rc8 12. g4 Be7 13. Bg3 h5 14. Be2 {½-½ (44) Nestorovic,L (2323)-Damljanovic,B (2555) Kragujevac 2011}) 11. Kb1 h6 12. Bc1 b5 {[%cal Bb7b5,Bb5b4][%mdl 32]} 13. g4 Qc7 14. Bd3 Bg7 15. g5 (15. a3 $15) 15... hxg5 $17 16. Bxg5 Rh5 17. Qg3 b4 18. Ne2 a5 {[%cal Ba6a5,Ba5a4][%mdl 32]} 19. h4 a4 20. Nd2 Nc5 21. f4 (21. Rc1 $142) 21... Nxd3 ({Black should play} 21... a3 $1 $19 {[%cal Ra3b2]} 22. b3 d5 23. exd5 Nxd5) 22. Qxd3 {[#] next f5 is good for White.} Ng4 $1 {[%cal Rg4f2] And now ...Nf2 would win.} 23. Rhf1 {[#]} (23. Rdf1 $17) 23... f6 (23... Ne3 $1 $19 {[%mdl 512] is more deadly. Strongly threatening ...Bg4.} 24. f5 (24. Qxe3 Qxc2+) 24... Nxf1 25. Rxf1 gxf5) 24. f5 Bg8 25. Qb5+ $2 (25. Ng3 $15 fxg5 26. Nxh5 gxh5 27. hxg5) 25... Qc6 26. Qxb4 $2 (26. Qxc6+ Rxc6 27. Ng3 fxg5 28. Nxh5 gxh5 29. hxg5) 26... fxg5 $19 27. Nc3 (27. Rc1 {was the only defense.}) 27... Ne3 {Black is clearly winning.} 28. f6 Bf8 29. f7+ Bxf7 30. Rxf7 {Accuracy: White = 22%, Black = 58%.} 0-1